000 00409ntaaa2200169 4500
003 01
005 20251027202752.0
008 0714s1973 ag 01
040 _aAR-BaBN
_bspa
_cAR-BaBN
_eaacr
_dRIC
082 _a804.0000 H81
100 _aHough, Lynn Harold
245 _aAdventures in the minds of men
250 _a1 ed.
260 _aNew York :
_bAbingdon Press,
_cc1927
300 _a220 p
942 _cBK
999 _c22967
_d22967